Octavio Paz : (Record no. 114734)
[ view plain ]
| 000 -CABECERA | |
|---|---|
| campo de control de longitud fija | 00609nam a2200205 a 4500 |
| 005 - FECHA Y HORA DE LA ÚLTIMA TRANSACCIÓN | |
| campo de control | 20240806063919.0 |
| 008 - ELEMENTOS DE LONGITUD FIJA--INFORMACIÓN GENERAL | |
| campo de control de longitud fija | 060221s1998 mx r 000 0 spa d |
| 020 ## - NÚMERO INTERNACIONAL NORMALIZADO PARA LIBROS | |
| Número Internacional Estándar del Libro | 9681102991 |
| 035 ## - NÚMERO DE CONTROL DEL SISTEMA | |
| Número de control de sistema | UPN01000142587 |
| 049 ## - COLECCIÓN | |
| Colección | CG |
| 050 #4 - SIGNATURA TOPOGRÁFICA DE LA BIBLIOTECA DEL CONGRESO | |
| Número de clasificación | PQ7297 P4.2 |
| Número de documento/Ítem | O3.7 |
| 100 1# - ASIENTO PRINCIPAL--NOMBRE PERSONAL | |
| Nombre de persona | Poniatowska, Elena, |
| Fechas asociadas al nombre | 1933- |
| 245 10 - MENCIÓN DE TÍTULO | |
| Título | Octavio Paz : |
| Resto del título | las palabras del árbol / |
| Mención de responsabilidad, etc. | Elena Poniatowska. |
| 260 ## - PUBLICACIÓN, DISTRIBUCIÓN, ETC. | |
| Lugar de publicación, distribución, etc. | México : |
| Nombre del editor, distribuidor, etc. | Plaza & Janés, |
| Fecha de publicación, distribución, etc. | c1998. |
| 300 ## - DESCRIPCIÓN FÍSICA | |
| Extensión | 231 p. : |
| Otras características físicas | il. |
| 600 14 - ASIENTO SECUNDARIO DE MATERIA - NOMBRE PERSONAL | |
| Nombre de persona | PAZ, OCTAVIO, |
| Fechas asociadas al nombre | 1914-1998 |
| 650 #4 - ASIENTO SECUNDARIO DE MATERIA - TERMINO TEMATICO | |
| Término de materia o nombre geográfico como elemento de entrada | Literatura mexicana |
| 9 (RLIN) | 4466 |
| 650 #4 - ASIENTO SECUNDARIO DE MATERIA - TERMINO TEMATICO | |
| Término de materia o nombre geográfico como elemento de entrada | AUTORES MEXICANOS - |
| Subdivisión de forma | BIOGRAFIA |
| 9 (RLIN) | 4062 |
| 905 ## - TIPO DE MATERIAL | |
| Tipo de material | Libro |
| Estado de retiro | Estado de pérdida | Fuente del sistema de clasificación o colocación | Estado dañado | No para préstamo | Código de colección | Localización permanente | Ubicación/localización actual | Ubicación en estantería | Total de préstamos | Clasificación | Código de barras | Fecha visto por última vez | Fecha del último préstamo | Número de copia | Tipo de ítem Koha |
|---|---|---|---|---|---|---|---|---|---|---|---|---|---|---|---|
| Library of Congress Classification | Colección General | Bib. Gregorio Torres Quintero | Bib. Gregorio Torres Quintero | Planta baja | 6 | PQ7297 P4.2 O3.7 | 233546 | 09/04/2025 | 24/03/2025 | 1 | Libro |
